=LDR 00000nam 2200000 4500 =001 INLIS000000000026708 =005 20130612125132 =008 ***********************************ind** =035 ##$$0010-061300000026708 =041 ##$$a ind =082 ##$$a 303.309 598 =090 ##$$a 303.309 598, SYA k =100 ##$$a Syafiie, Inu Kencana =245 ##$$a Kepemimpinan, Pemerintahan Indonesia, Inu Kencana Syafiie, Editor, Lili Rasjidi =260 ##$$a 2003 $b Bandung =300 ##$$a xii, 157 hlm., ilus., 24 cm =650 ##$$a Kepemimpinan =650 ##$$a Indonesia =700 ##$$a Rasjidi, Lili =850 ##$$a NBPNMAT